Indian Economy (Record no. 40711)
[ view plain ]
| 000 -LEADER | |
|---|---|
| fixed length control field | 00465nam a2200181Ia 4500 |
| 008 - FIXED-LENGTH DATA ELEMENTS--GENERAL INFORMATION | |
| fixed length control field | 230524s9999 xx 000 0 und d |
| 020 ## - INTERNATIONAL STANDARD BOOK NUMBER | |
| ISBN | 8121902983 |
| 082 ## - DEWEY DECIMAL CLASSIFICATION NUMBER | |
| Classification number | 330 |
| Item number | DAT |
| 100 ## - MAIN ENTRY--AUTHOR NAME | |
| Personal name | Ruddar Datt |
| 245 #0 - TITLE STATEMENT | |
| Title | Indian Economy |
| 250 ## - EDITION STATEMENT | |
| Edition statement | 58TH REVD ED |
| 260 ## - PUBLICATION, DISTRIBUTION, ETC. (IMPRINT) | |
| Place of publication | NEW DELHI |
| Name of publisher | S.Chand |
| Year of publication | 2008 |
| 300 ## - PHYSICAL DESCRIPTION | |
| Number of Pages | XVI;973 |
| 500 ## - GENERAL NOTE | |
| General note | Quantity Number: 5 |
| 650 ## - SUBJECT ADDED ENTRY--TOPICAL TERM | |
| Topical Term | Economics |
| 700 ## - ADDED ENTRY--PERSONAL NAME | |
| Personal name | " K.P.M.Sundharam (Gaurav Datt , Ashwani Mahajan),,," |
| 942 ## - ADDED ENTRY ELEMENTS (KOHA) | |
| Koha item type | Books |
| Lost status | Damaged status | Permanent Location | Current Location | Shelving location | Date acquired | Full call number | Accession Number | Koha item type |
|---|---|---|---|---|---|---|---|---|
| Central Library, Trident Academy of Technology | Central Library, Trident Academy of Technology | General Stacks | 05/24/2023 | 330 DAT | 26269 | Books | ||
| Central Library, Trident Academy of Technology | Central Library, Trident Academy of Technology | General Stacks | 05/24/2023 | 330 DAT | 42716 | Books | ||
| Central Library, Trident Academy of Technology | Central Library, Trident Academy of Technology | General Stacks | 05/24/2023 | 330 DAT | 42717 | Books | ||
| Central Library, Trident Academy of Technology | Central Library, Trident Academy of Technology | General Stacks | 05/24/2023 | 330 DAT | 42718 | Books | ||
| Central Library, Trident Academy of Technology | Central Library, Trident Academy of Technology | General Stacks | 05/24/2023 | 330 DAT | 42719 | Books |
